Fr. Conceicao Rodrigues College of Engineering

Semiconductor pulse circuit (Record no. 20441)

MARC details
000 -LEADER
fixed length control field 00263nam a2200121Ia 4500
100 ## - MAIN ENTRY--PERSONAL NAME
Personal name Mitchelll/B.B
245 ## - TITLE STATEMENT
Title Semiconductor pulse circuit
260 ## - PUBLICATION, DISTRIBUTION, ETC.
Name of publisher, distributor, etc. Holt
Place of publication, distribution, etc. Sanfransico
Date of publication, distribution, etc. 1970
300 ## - PHYSICAL DESCRIPTION
Extent 379
546 ## - LANGUAGE NOTE
Language note ENGLISH
654 ## - SUBJECT ADDED ENTRY--FACETED TOPICAL TERMS
Focus term semiconductor
942 ## - ADDED ENTRY ELEMENTS (KOHA)
Koha item type BOOK
Holdings
Withdrawn status Lost status Damaged status Not for loan Collection Home library Current library Date acquired Total Checkouts Full call number Barcode Date last seen Price effective from Koha item type
        CRC Fr. Agnel's C.Rodrigues College of Engineering Fr. Agnel's C.Rodrigues College of Engineering 17/03/2023   5195 17/03/2023 17/03/2023 BOOK
        CRC Fr. Agnel's C.Rodrigues College of Engineering Fr. Agnel's C.Rodrigues College of Engineering 17/03/2023   5196 17/03/2023 17/03/2023 BOOK
        CRC Fr. Agnel's C.Rodrigues College of Engineering Fr. Agnel's C.Rodrigues College of Engineering 17/03/2023   5197 17/03/2023 17/03/2023 BOOK
        CRC Fr. Agnel's C.Rodrigues College of Engineering Fr. Agnel's C.Rodrigues College of Engineering 17/03/2023   5198 17/03/2023 17/03/2023 BOOK
        CRC Fr. Agnel's C.Rodrigues College of Engineering Fr. Agnel's C.Rodrigues College of Engineering 17/03/2023   5199 17/03/2023 17/03/2023 BOOK